| 000 | 00787nam a22002055i 4500 | ||
|---|---|---|---|
| 001 | 155228 | ||
| 003 | ES-MaACL | ||
| 005 | 20250930063133.0 | ||
| 008 | 991203s1867 fr a |||| | fre d | ||
| 040 |
_aLR _bspa _cLR |
||
| 100 | 1 |
_aHelmholtz, Hermann von, _d1821-1894 _962470 |
|
| 245 | 1 | 0 |
_aOptique physiologique / _cpar H. Helmholtz ; traduite par Emile Javal et N. Th. Klein ; avec 213 figures dans le texte et un atlas de 11 planches. |
| 260 |
_aParis : _bVictor Masson et fils, _c1867 ( _fImprimerie de E. Martinet) |
||
| 300 |
_aXI, 1057 p., XI h. de lám. : _bil. |
||
| 700 | 1 | 1 |
_aJaval, Emile, _etrad. _9128283 |
| 700 | 1 | 1 |
_aKlein, Nephtaku Théodore, _etrad. _9128464 |
| 852 |
_aES-MaACL _jG-9520 _z-- Enc. hol. |
||
| 999 |
_c155228 _d155228 |
||